000 00634pam a2200217 a 4500
001 2369450
005 20180207075429.0
008 841005s1984 nyua b 001 0 eng
010 _a 84022921
020 _a0684181991 :
_c$17.95
040 _aDLC
_cDLC
_dDLC
041 _aeng
080 _a616.722 KUS
082 0 0 _a616.722 KUS
_219
100 _a7
101 _aREU
245 0 0 _aUnderstanding arthritis /
_cArthritis Foundation ; editor, Irving Kushner ; associate editors, Ann Forer and Ann B. McGuire.
504 _aBibliography: p. 270-272.
906 _a7
_bcbc
_corignew
_d1
_eocip
_f19
_gy-gencatlg
942 _2ddc
_cBK
999 _c42025
_d42025